[Event "Warsaw YMCA Spring-E 171th"]
[Site "Warsaw"]
[Date "2016.06.20"]
[Round "13"]
[White "Felicetti, Francesco"]
[Black "Moscicki, Slawomir"]
[Result "1-0"]
[WhiteElo "1360"]
[BlackElo "1284"]
[PlyCount "105"]
[EventDate "2016.04.04"]
[EventType "tourn"]
[EventRounds "13"]
[EventCountry "POL"]
[SourceTitle "EXT 2019"]
[Source "ChessBase"]
[SourceDate "2018.10.10"]
[SourceVersion "1"]
[SourceVersionDate "2018.10.10"]
[SourceQuality "1"]

1. e4 e5 2. Nf3 Nf6 3. Nc3 Bb4 4. d3 0-0 5. Be2 Bxc3+ 6. bxc3 Re8 7. c4 c6 8. 0-0 d5 9. exd5 e4 10. dxe4 Nxe4 11. Bb2 Nf6 12. Ne5 cxd5 13. cxd5 Nbd7 14. Nxd7 Bxd7 15. c4 Rc8 16. Qd3 a6 17. a4 b5 18. axb5 axb5 19. cxb5 Rb8 20. Bxf6 Qxf6 21. Qd2 Bxb5 22. Bxb5 Rxb5 23. d6 Rd8 24. Rfd1 Rb2 25. Qe1 Kf8 26. d7 Qe7 27. Qc3 Rbb8 28. Ra7 Qb4 29. Qc7 Qb6 30. g3 Qxc7 31. Rxc7 Ke7 32. Kg2 f6 33. h4 h5 34. Rd5 g6 35. Rc6 Rb7 36. Rdd6 Rbxd7 37. Rxf6 Rd6 38. Rxg6 Rxc6 39. Rxc6 Rd6 40. Rxd6 Kxd6 41. Kf3 Ke5 42. g4 hxg4+ 43. Kxg4 Kf6 44. h5 Kg7 45. Kg5 Kh7 46. f4 Kg7 47. h6+ Kf7 48. f5 Kg8 49. Kg6 Kh8 50. f6 Kg8 51. f7+ Kf8 52. h7 Ke7 53. h8Q 1-0

[Event "Warsaw YMCA Spring-E 171th"]
[Site "Warsaw"]
[Date "2016.05.24"]
[Round "12"]
[White "Rejniak, Zuzanna"]
[Black "Felicetti, Francesco"]
[Result "1-0"]
[WhiteElo "1264"]
[BlackElo "1360"]
[PlyCount "69"]
[EventDate "2016.04.04"]
[EventType "tourn"]
[EventRounds "13"]
[EventCountry "POL"]
[SourceTitle "EXT 2019"]
[Source "ChessBase"]
[SourceDate "2018.10.10"]
[SourceVersion "1"]
[SourceVersionDate "2018.10.10"]
[SourceQuality "1"]

1. e4 e6 2. d4 d5 3. e5 c5 4. c3 Nc6 5. Be3 Nge7 6. Bb5 cxd4 7. cxd4 Bd7 8. Nc3 Nf5 9. Bxc6 Bxc6 10. Nf3 Nxe3 11. fxe3 Qb6 12. Qe2 Bb4 13. a4 Qa5 14. Qc2 Bb5 15. Kf2 Bxc3 16. axb5 Qxb5 17. Qxc3 0-0 18. Ra5 Qd7 19. Rc5 Qa4 20. b3 Qa2+ 21. Qc2 Qa6 22. Rc1 f6 23. Kg1 f5 24. Rc7 h6 25. h4 Kh7 26. h5 Qb6 27. Rb1 Qa6 28. Nh4 b6 29. Rc1 Rfe8 30. g4 Kg8 31. gxf5 Qa3 32. Qg2 Re7 33. Rc8+ Rxc8 34. Rxc8+ Kh7 35. Qg6# 1-0

[Event "Warsaw YMCA Spring-E 171th"]
[Site "Warsaw"]
[Date "2016.05.09"]
[Round "6"]
[White "Felicetti, Francesco"]
[Black "Flig, Wojciech"]
[Result "1-0"]
[WhiteElo "1360"]
[BlackElo "1520"]
[PlyCount "75"]
[EventDate "2016.04.04"]
[EventType "tourn"]
[EventRounds "13"]
[EventCountry "POL"]
[SourceTitle "EXT 2019"]
[Source "ChessBase"]
[SourceDate "2018.10.10"]
[SourceVersion "1"]
[SourceVersionDate "2018.10.10"]
[SourceQuality "1"]

1. e4 c5 2. Nc3 e6 3. d3 Nc6 4. Nf3 g6 5. Bd2 Bg7 6. Qc1 d5 7. exd5 exd5 8. Be2 h6 9. h3 a6 10. Rb1 Nge7 11. Na4 b6 12. Bf4 Nf5 13. c3 Bd7 14. Qd1 0-0 15. g4 Nfe7 16. b4 cxb4 17. cxb4 Nc8 18. d4 Qe7 19. a3 Re8 20. Nc3 Be6 21. 0-0 b5 22. Re1 Qf6 23. Be3 Nd6 24. Bd3 Nc4 25. Bxc4 bxc4 26. Kg2 h5 27. Bg5 Qxf3+ 28. Qxf3 Nxd4 29. Qg3 hxg4 30. hxg4 Nc2 31. Rh1 d4 32. Ne4 Bd5 33. f3 Be5 34. Qh4 Ne3+ 35. Bxe3 dxe3 36. Nf6+ Kf8 37. Qh6+ Ke7 38. Nxd5+ 1-0

[Event "Warsaw YMCA Spring-E 171th"]
[Site "Warsaw"]
[Date "2016.04.22"]
[Round "3"]
[White "Ruta, Grzegorz"]
[Black "Felicetti, Francesco"]
[Result "0-1"]
[WhiteElo "1018"]
[BlackElo "1360"]
[PlyCount "53"]
[EventDate "2016.04.04"]
[EventType "tourn"]
[EventRounds "13"]
[EventCountry "POL"]
[SourceTitle "EXT 2019"]
[Source "ChessBase"]
[SourceDate "2018.10.10"]
[SourceVersion "1"]
[SourceVersionDate "2018.10.10"]
[SourceQuality "1"]

1. e4 e6 2. d4 d5 3. Nc3 dxe4 4. Nxe4 Nd7 5. c3 Ngf6 6. Bd3 Nxe4 7. Bxe4 Nf6 8. Bd3 Be7 9. Nf3 0-0 10. 0-0 b6 11. Re1 Bb7 12. h3 c5 13. Be3 Nd5 14. Bg5 Bxg5 15. Nxg5 Qxg5 16. Re5 Qe7 17. Qh5 g6 18. Rg5 f6 19. Rxg6+ hxg6 20. Qxg6+ Qg7 21. Re1 Qxg6 22. Bxg6 Nf4 23. Be4 Bxe4 24. Rxe4 e5 25. dxe5 fxe5 26. Rxe5 Rf7 27. g3 0-1

[Event "Warsaw YMCA Spring 152nd"]
[Site "Warsaw"]
[Date "2015.06.19"]
[Round "13"]
[White "Markiewicz, Michal"]
[Black "Felicetti, Francesco"]
[Result "1-0"]
[WhiteElo "1554"]
[BlackElo "1464"]
[PlyCount "51"]
[EventDate "2015.04.09"]
[EventType "tourn"]
[EventRounds "13"]
[EventCountry "POL"]
[SourceTitle "EXT 2017"]
[Source "ChessBase"]
[SourceDate "2016.10.25"]
[SourceVersion "1"]
[SourceVersionDate "2016.10.25"]
[SourceQuality "1"]

1. d4 d5 2. Nf3 e6 3. c4 Nf6 4. Nc3 Be7 5. e3 Nbd7 6. Bd3 dxc4 7. Bxc4 Nb6 8. Bd3 0-0 9. 0-0 Bd7 10. e4 Rc8 11. Ne5 c5 12. Nxd7 Qxd7 13. dxc5 Bxc5 14. Bg5 Bd4 15. Ne2 Bxb2 16. Rb1 Bd4 17. Bxf6 Bxf6 18. e5 Be7 19. Rxb6 Rfd8 20. Rb3 Qa4 21. Qb1 Rc7 22. Bxh7+ Kf8 23. Rh3 g6 24. Bxg6 fxg6 25. Qxg6 Bh4 26. Rf3+ 1-0

[Event "Warsaw YMCA Spring 152nd"]
[Site "Warsaw"]
[Date "2015.06.09"]
[Round "10"]
[White "Felicetti, Francesco"]
[Black "Sloniewski, Michal"]
[Result "0-1"]
[WhiteElo "1464"]
[BlackElo "1345"]
[PlyCount "46"]
[EventDate "2015.04.09"]
[EventType "tourn"]
[EventRounds "13"]
[EventCountry "POL"]
[SourceTitle "EXT 2017"]
[Source "ChessBase"]
[SourceDate "2016.10.25"]
[SourceVersion "1"]
[SourceVersionDate "2016.10.25"]
[SourceQuality "1"]

1. e4 c5 2. c3 d5 3. exd5 Qxd5 4. d4 cxd4 5. cxd4 e5 6. dxe5 Qxe5+ 7. Qe2 Qxe2+ 8. Nxe2 Nf6 9. Nbc3 Bc5 10. f3 0-0 11. Bd2 Re8 12. 0-0-0 Nc6 13. Ng3 Be6 14. Kb1 Rad8 15. Bb5 h6 16. Nge4 Nxe4 17. Nxe4 Bf5 18. Rhe1 Bxe4+ 19. Rxe4 Rxe4 20. fxe4 Ne5 21. Be2 Rd4 22. Be3 Rxd1+ 23. Bxd1 Bxe3 0-1

[Event "Warsaw YMCA Autumn-D 144th"]
[Site "Warsaw"]
[Date "2014.11.04"]
[Round "8"]
[White "Duda, Ryszard"]
[Black "Felicetti, Francesco"]
[Result "1/2-1/2"]
[WhiteElo "1608"]
[BlackElo "1621"]
[PlyCount "80"]
[EventDate "2014.09.16"]
[EventType "tourn"]
[EventRounds "13"]
[EventCountry "POL"]
[SourceTitle "EXT 2019"]
[Source "ChessBase"]
[SourceDate "2018.10.10"]
[SourceVersion "1"]
[SourceVersionDate "2018.10.10"]
[SourceQuality "1"]

1. e4 c6 2. c4 d5 3. cxd5 cxd5 4. Bb5+ Bd7 5. Qa4 dxe4 6. Nc3 Nf6 7. Nxe4 Nxe4 8. Bxd7+ Qxd7 9. Qxe4 g6 10. Nf3 Nc6 11. 0-0 Bg7 12. Rd1 0-0 13. d4 e6 14. Be3 Rad8 15. g3 Qd5 16. Qxd5 Rxd5 17. Rd2 Rfd8 18. Rad1 a6 19. Kg2 e5 20. dxe5 Rxd2 21. Rxd2 Rxd2 22. Bxd2 Nxe5 23. Bc3 Nxf3 24. Kxf3 Bxc3 25. bxc3 Kf8 26. Ke4 Ke7 27. g4 h6 28. h4 Ke6 29. f4 f5+ 30. gxf5+ gxf5+ 31. Kd4 Kd6 32. h5 b6 33. a4 Ke6 34. c4 Kd6 35. Kd3 Kc5 36. Kc3 a5 37. Kd3 Kc6 38. Kd4 Kd6 39. Kc3 Kc5 40. Kd3 Kc6 1/2-1/2

[Event "Warsaw YMCA Autumn-D 144th"]
[Site "Warsaw"]
[Date "2014.09.23"]
[Round "2"]
[White "Felicetti, Francesco"]
[Black "Borowski, Marek"]
[Result "0-1"]
[WhiteElo "1621"]
[BlackElo "1596"]
[PlyCount "49"]
[EventDate "2014.09.16"]
[EventType "tourn"]
[EventRounds "13"]
[EventCountry "POL"]
[SourceTitle "EXT 2019"]
[Source "ChessBase"]
[SourceDate "2018.10.10"]
[SourceVersion "1"]
[SourceVersionDate "2018.10.10"]
[SourceQuality "1"]

1. e4 e6 2. d4 d5 3. e5 c5 4. c3 Nc6 5. Nf3 Qb6 6. Bd3 Bd7 7. Bc2 cxd4 8. cxd4 Rc8 9. a3 Nh6 10. 0-0 Be7 11. Nc3 Nf5 12. Bxf5 exf5 13. Nxd5 Qb5 14. Nxe7 Nxe7 15. b4 Nd5 16. Bb2 h6 17. Rc1 0-0 18. Qd2 g5 19. g3 f4 20. Rxc8 Rxc8 21. Rc1 Rxc1+ 22. Qxc1 Qe2 23. Nd2 Bc6 24. Nc4 Ne3 25. fxe3 0-1

[Event "Warsaw YMCA Autumn-D 144th"]
[Site "Warsaw"]
[Date "2014.09.16"]
[Round "1"]
[White "Bartczak, Hanna"]
[Black "Felicetti, Francesco"]
[Result "1-0"]
[WhiteElo "1590"]
[BlackElo "1621"]
[PlyCount "65"]
[EventDate "2014.09.16"]
[EventType "tourn"]
[EventRounds "13"]
[EventCountry "POL"]
[SourceTitle "EXT 2019"]
[Source "ChessBase"]
[SourceDate "2018.10.10"]
[SourceVersion "1"]
[SourceVersionDate "2018.10.10"]
[SourceQuality "1"]

1. d4 c6 2. c4 d5 3. e3 Nf6 4. Nc3 e6 5. Nf3 Be7 6. Bd3 Nbd7 7. cxd5 cxd5 8. 0-0 0-0 9. b3 a6 10. Bb2 Bb4 11. Qe2 h6 12. Rfc1 Qe7 13. a3 Bd6 14. b4 Nb6 15. Rc2 Bd7 16. e4 dxe4 17. Nxe4 Nxe4 18. Qxe4 f5 19. Qe2 Ba4 20. Rcc1 Bb3 21. Ne5 Qg5 22. Nc4 Nxc4 23. Qxe6+ Kh8 24. Bxc4 Bxh2+ 25. Kxh2 Bxc4 26. Qxc4 Qd2 27. Qc2 Qf4+ 28. Kg1 Rf6 29. Qc7 Qg4 30. Qxb7 Re8 31. Qf3 Qg5 32. d5 Rg6 33. Rc6 1-0